DJ - Mort Subite #2 - Statistiques

Statistiques générales
  • Ce quiz a été pris 42 fois
  • Le résultat moyen est 4 sur 30
Answers on the Grid
Answers color-coded by a green-red scale on the quiz's grid according to % correct below.
Mr Gasmack
Mental Fist
Noisekick
Skrillex
Steve Aoki
Boris Brejcha
Carl Cox
Lizzy Wang
Deborah De Luca
Acid Wave
Sulfurex
Crystal Distortion
Tha Playah
Partyraiser
DRS
The Prophet
Maissouille
Guigoo
Remzcore
Anikdote
Unlogix
Electro-Light
Drokz
SFR
Excision
Datsik
Kayzo
Dave Huismans
Figure
Bassnectar
Skillet
Shakira
Tomomi Ogawa
Rina Suzuki
Ershat Alim
Teksbass
Jamie Chadwick
8666
Vince Van Goghen
Jimi Hendrix
Marsh Shadows
Queen
Grass D-Tek
Tek8
Koala Eyes
Booba
Lorenzo
Frank Hooper
 
Statistiques - réponses
Réponse % Correct
Skrillex
62%
Carl Cox
34%
Acid Wave
31%
Steve Aoki
31%
The Prophet
24%
Partyraiser
21%
Deborah De Luca
17%
Tha Playah
17%
Boris Brejcha
14%
Electro-Light
14%
Lizzy Wang
14%
Mr Gasmack
14%
Noisekick
14%
Sulfurex
14%
DRS
10%
Excision
10%
Remzcore
10%
Anikdote
7%
Bassnectar
7%
Crystal Distortion
7%
Datsik
7%
Dave Huismans
7%
Drokz
7%
Kayzo
7%
Maissouille
7%
Mental Fist
7%
SFR
7%
Unlogix
7%
Figure
3%
Guigoo
3%
Aucun quiz correspondant
Distribution des résultats
% des personnes avec chaque résultat
Percentile par nombre de réponses
Votre historique - résultats
Vous n’avez pas pris ce quiz